000 03162cab a2200325Ia 45 0
001 u196693
003 SIRSI
008 110824s2011 ua ss b eng d
040 _aEAL
041 _aeng
_bara
090 _aART MJAR V36 No4 16
100 1 _aSweelam, M. E.
240 1 0 _aMinufiya journal of agricultural research, 2011 v. 36 (4)
_h[electronic resource].
245 1 0 _aBiological control of plant parasitic nematodes infected cucumber plants under shield plantation conditions
_h[electronic resource].
246 1 5 _aالمكافحة البيولوجية للنيماتودا المتطفلة التي تصيب نباتات الخيار تحت ظروف الزراعات المحمية.‪
300 _ap.1063-1075.
504 _aIncludes references.
520 _aThe main purpose of the experiments was to study the abundance of nematode genera In the soil of the commercial plastic houses cultivated with cucumber crop, under controlled conditions and to study the effect of 17 bioagents in the control of plant parasitic nematodes infecting cucumber plants variety (Medina) under plastic house conditions. Results indicated that the highest grand mean reduction percentages of nematodes were recorded with the treatments of Carbufuran (93.3 % ); followed by powder of fish bones (92.1 % ); and Poultry manure (91.0 % ) without significant differences, while the treatments of Compost, 1 part farmyard manure + 2 part poultry manure;Potassium; Saccharomyces; and Streptomyces gave moderate reduction percentages without significant differences, as (85.4 % ), (82.5 % ), (80.3 %), (80.3 %), (80.1 % ), respectively. The lowest grand mean reduction percentages of nematodes were recorded with the treatments of Sulfur, Bacillus thuringiensis , (Zn, Mn, Fe) , Demssisa, Neem, resulting (44.6 %), (51.4 %), (51.4 %), (54.4 %), (54.5%), respectively. The highest weights in the cucumber fruit crops were recorded with the treatments of Farmyard manure (130.7 % ) (17.3 kg) , followed by the treatment of Poultry manure giving (113.3 % ) (16.0 kg), Compost (105.3 %) (15.4 kg), powder offish bones (100.0 %) (15.0 kg), while the least weights in the cucumber fruit crops were recorded with the treatments of Saccharomyces (32.5 % ) (9.9 kg) , followed by the treatment of Zn, Fe, Mn giving (58.7 %) (11.9 kg), Potassium, (69.3 %) (12.7 kg), Sulfur (970.7%)(12.8kg) steptomyces(72.0%) 12.9kg and finally beauveria bassiana (78.7 % ), ( 13.4 kg / 10 plants), In comparison with the control which harvested only (7.5 kg ). Key words: Biological control, bloagents, cucumber, organic manures, parasitic nematodes, solarization.
546 _aSummary in Arabic.
650 0 _aCucumbers
_xDiseases and pests.
650 0 _aCucumbers
_xDiseases and pests
_xBiological control.
650 0 _aPlant nematodes.
650 0 _aHost-parasite relationships.
700 1 _aAbo-Taka, Safaa M.
700 1 _aZohdy, G. I.
700 1 _aAbo-Korah, M. S.
773 0 _tMinufiya Journal of Agricultural Research.
_g2011. v.36(4)
_x1110-0265
_7nnas
_wu158151
856 4 0 _uhttp://nile.enal.sci.eg/EALE/2011/MJAR/3611/4/1063.pdf
_zFull Text Article
596 _a1
942 _cAR
_2lcc
999 _c49752
_d49752